| Registos Bibliográficos associados ao registo de autoridade |
|
Etiqueta de registo: 00834cas 2200277 450 001 928569 003 http://id.bnportugal.gov.pt/bib/catbnp/928569 005 20001009153000.0 095 ## $aPTBN00942869 100 ## $a19980106b19951995m y0pory0103 ba 101 0# $apor 102 ## $aPT 106 ## $ar 110 ## $aahazz..0yy0 200 1# $aRPDC$erevista portuguesa de direito do consumo$fAssociação Portuguesa de Direito do Consumo$gdir. Mário Frota 207 #0 $aN. 1 (Jan. 1995) 210 #9 $aCoimbra$cA.P.D.C.,$d1995 215 ## $d29 cm 326 ## $aTrimestral 606 ## $2SIPOR$3280545 620 ## $dCoimbra 675 ## $a366.5(469)(05)$vBN$zpor$3843440 702 #1 $aFrota,$bMário$4300$3160999 712 02 $aAssociação Portuguesa de Direito do Consumo$4650$3271633 801 #0 $aPT$bBN$gRPC 966 ## $dN. 1$lBN$mFGREV$sP.P. 23674 V.$x1
Etiqueta de registo: 00000nkm 2200025 450 001 2274834 003 http://id.bnportugal.gov.pt/bib/catbnp/2274834 100 ## $a20260303d1992 m y0pory01030103ba 101 0# $apor 102 ## $aPT 200 1# $aII encontro nacional de direito do consumidor, Coimbra, 15-17 outubro 92$bVisual gráfico]$fAssociação Portuguesa de Direito do Consumo 210 #9 $aCoimbra$cAssociação Portuguesa de Direito do Consumo,$d1992 215 ## $a1 cartaz$ccolor.$d69,7x48,8 cm 317 ## $aColeção Madeira Luís 710 02 $aEncontro Nacional de Direito do Consumidor,$d2,$eCoimbra,$f1992$31993564 712 02 $aAssociação Portuguesa de Direito do Consumo$3271633 801 #0 $aPT$bBN$gRPC 966 ## $lBN$mICONOG$sCT. 23315 A.$x3 971 ## $cCaticonografia9$d20260303 995 ## $aPRR2026
|
|
|